La universidad (im)posible
Saved in:
| Andre forfattere: | , , , |
|---|---|
| Format: | Bog |
| Sprog: | spansk |
| Udgivet: |
Santiago, Chile
Ediciones Macul
2018
|
| Udgivelse: | Primera edición |
| Fag: | |
| Tags: |
Tilføj Tag
Ingen Tags, Vær først til at tagge denne postø!
|
MARC
| LEADER | 00000cam a2200000 a 4500 | ||
|---|---|---|---|
| 001 | UCC8266 | ||
| 003 | CL-VaPUC | ||
| 005 | 20250304163255.0 | ||
| 008 | 190617e20180000cl |||||||||||||||||spa|d | ||
| 999 | |c 374626 |d 374624 | ||
| 020 | |a 9789567062881 | ||
| 040 | |c Pontificia Universidad Católica de Valparaíso | ||
| 082 | 0 | 4 | |a 378.001 THA 2018 |2 21 |
| 100 | 0 | |a Thayer, Willy |e editor |9 602927 | |
| 245 | 1 | 3 | |a La universidad (im)posible |
| 250 | |a Primera edición | ||
| 260 | |a Santiago, Chile |b Ediciones Macul |c 2018 | ||
| 300 | |a 521 páginas | ||
| 500 | |a Donación Prof. Raúl Rodríguez Director Postgrado Literatura-Noviembre 2020 | ||
| 583 | |a last modification |c 20190617 11:18:00 |k Rodrigo Vera | ||
| 650 | 0 | |a Educación superior |9 223851 | |
| 650 | 0 | |a Universidades |9 256317 | |
| 650 | 0 | |a Filosofía de la educación |9 258384 | |
| 700 | 0 | |a Collingwood-Selby, Elizabeth |e editora |9 602928 | |
| 700 | |a Estupiñán Serrano, Mary Luz |e editora |9 896308 | ||
| 700 | |a Rodríguez Freire, Raúl |e editor |9 602930 | ||
| 852 | |a BIBCUR | ||
| 942 | |c BK |2 ddc | ||
| 945 | |d 20190617 11:18:00 |a dcastane | ||
| 952 | |0 0 |1 0 |3 erb |4 0 |6 378_001000000000000_THA_2018 |7 0 |8 A |9 493248 |a FDOPOS |b FDOPOS |i 5591732 |o 378.001 THA 2018 |p 5591732 |r 2025-01-22 |w 2019-11-24 |y BK |z Catalogado en:20190617 |k DLH | ||
| 952 | |0 0 |1 0 |2 ddc |4 0 |6 378_001000000000000_THA_2018 |7 0 |8 A |9 577583 |a FDOPOS |b FDOPOS |d 2021-03-02 |i 5620376 |o 378.001 THA 2018 |p 5620376 |r 2025-01-22 |t 2 |w 2021-03-02 |y BK |k DLH | ||